De lo sublime
Збережено в:
| Автор: | |
|---|---|
| Формат: | Книга |
| Мова: | Іспанська |
| Опубліковано: |
Santiago
Metales Pesados
2007
|
| Предмети: | |
| Теги: |
Додати тег
Немає тегів, Будьте першим, хто поставить тег для цього запису!
|
MARC
| LEADER | 00000nam a2200000 a 4500 | ||
|---|---|---|---|
| 001 | UCI4260 | ||
| 003 | CL-VaPUC | ||
| 008 | 080104e20070000CL |||||||||||||||||spa|d | ||
| 020 | |a 9568415092 | ||
| 082 | 0 | 4 | |a 885.01 |b LON |2 21 |
| 100 | |a Longino, Cayo Casio |e autor |9 526051 | ||
| 245 | 1 | 0 | |a De lo sublime |
| 300 | |a 130 p | ||
| 942 | |c BK | ||
| 945 | |d 20080104 00:00:00 |a jtorresc | ||
| 260 | |a Santiago |b Metales Pesados |c 2007 | ||
| 650 | 0 | |a Retórica antigua |9 265653 | |
| 650 | 7 | |a TEXTOS ESTETICOS |2 CL-VaPUC |9 526052 | |
| 583 | |a last modification |c 20080104 00:00:00 |k Rodrigo Vera | ||
| 999 | |c 328218 |d 328216 | ||
| 952 | |0 0 |1 0 |4 0 |6 885_010000000000000_LON_2007 |7 0 |8 A |9 412019 |a BIBART |b BIBART |d 2019-11-22 |i 4399196 |l 1 |o 885.01 LON 2007 |p 4399196 |r 2025-03-13 |s 2024-04-24 |w 2019-11-22 |y BK |k ART | ||